Normal view
MARC view
Entry Personal Name
001 - CONTROL NUMBER
- control field: 1180948
003 - CONTROL NUMBER IDENTIFIER
- control field: OSt
005 - DATE AND TIME OF LATEST TRANSACTION
- control field: 20260324130222.0
008 - FIXED-LENGTH DATA ELEMENTS
- fixed length control field: 260324|| aca||aabn | a|a d
040 ## - CATALOGING SOURCE
- Original cataloging agency: OSt
- Transcribing agency: OSt
100 ## - HEADING--PERSONAL NAME
- Personal name: Dana Peterson; Inger-Lise Lien; Malcolm W. Klein; Frank van Gemert
670 ## - SOURCE DATA FOUND
- Source citation: Work cat.: (OSt)1776928: Dana Peterson; Inger-Lise Lien; Malcolm W. Klein; Frank van Gemert, Street Gangs, Migration and Ethnicity
